1444 1246 1526 1662 1002 1153 1672 1624 1003 1471 1950 1513 1741 1372 1312 1527 1839 1556 1130 1175 1808 1962 1892 1019 1495 1806 1154 1864 1019 1112 1328 1088 1413 1532 1862 1677 1035 1148 1225 1821 1658 1164 1945 1709 1263 1295 1460 1760 1027 1418 1999 1558 1734 1960 1875 1679 1407 1346 1872 1315 1875 1728 1994 1208 1779 1911 1721 1811 1175 1414 1551 1583 1937 1309 1983 1944 1235 1192 1159 1250 1026 1715 1628 1202 1295 1853 1709 1805 1364 1454 1739 1204 1070 1202 1798 1166 1612 1572 1406 BCNSPRNW ULIB Ver.6.0+V

เปลี่ยนเป็นภาษาไทย

Change to English
 แสดงรายละเอียดบรรณานุกรม
  กลับหน้าหลัก

Brief Record : Get Marc (ISO 2709) : E-mail record : QR code < ปิดหน้าต่าง
LEADER : 00000nam 2200000uu 4500
001    13399115014
003     ULIB
008    120701s2550||||th 000 0 tha d
020    ^a9789744750150
090    ^aนว.^bป338อ 2550
100 0  ^aประภัสสร เสวิกุล
245 00 ^aอำนาจ/^cประภัสสร เสวิกุล
250    ^aพิมพ์ครั้งที่ 16
945    ^p429^l0^i16541
995    ^aกัณชพร
999    ^aใช้งานได้ทุกระบบ
รายการนี้ยังไม่มีแท็ก
คุณยังไม่ได้ล็อกอิน คุณสามารถมีกิจกรรมร่วมกับเว็บไซต์ได้ แต่ต้องล็อกอินก่อน ::
  ล็อกอิน

รายการสื่อสารสนเทศ

ลำดับที่ ประเภท เลขเรียก/บาร์โค้ด สถานที่ สถานะ
1. วิทยาศาสตร์การแพทย์ และสุขภาพ
วิทยาศาสตร์การแพทย์ และสุขภาพ
นว. ป338อ 2550  
  Barcode: 16541
ห้องสมุดวิทยาเขตสวรรค์ประชารักษ์
►นวนิยาย
บนชั้น
  ขอยืม

BibComment


ยังไม่เคยถูกคอมเมนท์

คอมเมนท์ทรัพยากรรายการนี้
  คอมเมนท์: อำนาจ ประภัสสร ..


 Copyright 2026. Bcnsprnw @Library